00867nam a2200265Ia 4500008004100000020001500041050001600056050001500072100001800087245001800105245017900123250001700302260001300319260002900332260000900361300001700370300002700387300001100414500003400425650002000459650004800479650002100527700003700548700001600585160319s9999 xx 000 0 und d a9719344643 aFil 709.04  bR173m 2008 aRamirez, Fred aModern art /  cby Fred Ramirez ; text, Marlene Aguilar ; writer, Cid Reyes ; editor, Marlene Aguilar ; design and layout, Alexander Pascual ; photography, Raymund Isaac, Demetrio Dela Cruz. a1st edition. aManila : bJamayco Publishing House c2008 a149 pages :  bcolor illustrations ;  c29 cm. a"A Philippine Heritage book." aArt, Modern --  aArt, Modern -- 20th century -- Philippines. xPictorial works. aAguilar, Marlene., added author. aReyes, Cid.